| 000 | 00638nam a2200229 a 4500 | ||
|---|---|---|---|
| 999 |
_c1767 _d1767 |
||
| 007 | ta | ||
| 008 | 200117t1996 xxuad||g |||| 00| 0 eng d | ||
| 020 | _a9780821336274 | ||
| 040 |
_aKO _beng |
||
| 041 | 0 | _aeng | |
| 044 | _axxu | ||
| 082 | 0 | 4 |
_223 _a332.042 _bQ62 |
| 100 | 1 | _aQureshi, Zia | |
| 245 | 1 | 0 |
_aGlobal Capital Supply and Demand : _bIs There Enough to Go Around? / _cZia Qureshi |
| 260 |
_aWashington , D. C. : _bThe World Bank , _c1996 . |
||
| 300 |
_av , 24 p. : _bill., Charts. ; _c23 cm |
||
| 490 | 0 | _aDirections In Development ; | |
| 650 | 0 |
_aCapital market _vTextbooks |
|
| 904 | _aReshma_R | ||
| 942 | _cRT | ||